|
|
|
|
| LEADER |
00000nab a2200000 ar4500 |
| 001 |
vtls009003599 |
| 003 |
SK-MaSNL |
| 005 |
20260319071258.0 |
| 008 |
070524c2007 xo |||||||| 000 b|hun |
| 015 |
|
|
|a SNBRB2007/05
|2 snkbucl
|
| 038 |
|
|
|a SNKBUCL
|
| 040 |
|
|
|a DSZK
|b slo
|c DSZK
|e AACR2
|
| 041 |
0 |
|
|a hun
|
| 044 |
|
|
|a xo
|c SK
|
| 080 |
|
|
|a 78.071.2:787.1:784.4
|2 1997
|
| 080 |
|
|
|a 787.1
|2 1997
|
| 080 |
|
|
|a 784.4
|2 1997
|
| 100 |
1 |
|
|a Bokor, Klára
|4 ivr
|4 aut
|9 857562
|
| 245 |
1 |
0 |
|a Sok szép nóta él a vonójában
|b Anyalai Pepes Sándor prímás bemuzsikálja magát a szívünkbe
|c Bokor Klára
|
| 300 |
|
|
|b Fotogr.
|
| 600 |
1 |
7 |
|a Anyalai Pepes, Sándor,
|d 1927-
|2 snkbucl
|9 1054042
|
| 655 |
|
7 |
|a rozhovory
|2 snkbucl
|9 31831
|
| 700 |
1 |
|
|a Anyalai Pepes, Sándor,
|d 1927-
|4 ive
|4 aut
|9 1054042
|
| 773 |
0 |
|
|t Szabad újság
|g Évf. XV, sz. 19 (2007), o. 5
|x 1335-6631
|
| 852 |
|
|
|a SNK
|b KIS3GCP
|
| 852 |
|
|
|a DSZK
|b KIS3GCP
|
| 958 |
|
|
|a HU
|
| 958 |
|
|
|a SK
|
| 958 |
|
|
|a RQ
|
| 999 |
|
|
|c 1751782
|d 1753712
|